La pintura en los grandes museos / (Registro nro. 14214)

Detalles MARC
000 -LIDER
fixed length control field 01527nam a22003135 4500
001 - NÚMERO DE CONTROL
Identificador de número de control
003 - IDENTIFICACDOR DE NÚMERO DE CONTROL
control field
005 - DATE AND TIME OF LATEST TRANSACTION
control field 20220524134316.0
008 - ELEMENTOS DE LONGITUD FIJA
fixed length control field 930520s1976 sp | |||| ||spa
020 ## - ISBN
International Standard Book Number 84843200460X
040 ## - FUENTE DE CATALOGACIÓN
Agencia que crea de manera original el registro BPMSU
Idioma de catalogación spa
Agencia que realiza la transcripción BPMSU
Convenciones de la despripción
082 ## - NÚMERO DE CLASIFICACIÓN DECIMAL DE DEWEY
Classification number R-759
Item number M752p 1976-78
Edition number 22
100 1# - ASIENTO PRINCIPAL -- NOMBRE PERSONAL
Nombre personal Monreal Agustí, Luis
Fechas asociadas con el nombre 1912-2005.
245 03 - MENCIÓN DE TITULO
Título La pintura en los grandes museos /
Mención de responsabilidad Luis Monreal Agustí y Luis Monreal y Tejada
246 13 - VARIACION DEL TÍTULO
Título propiamente dicho o título corto Enciclopedia Temática Planeta
246 18 - VARIACION DEL TÍTULO
Título propiamente dicho o título corto Grandes museos
260 ## - PUBLICACIÓN, DISTRIBUCIÓN, ETC. (PIE DE IMPRENTA)
Lugar de publicación, distribución, etc Madrid :
Nombre del editor, distribuidor, etc. Editorial Planeta,
Fecha de publicación, distribución, etc 1976-78
300 ## - DESCRIPCIÓN FÍSICA
Extensión v :
Otros detalles físicos il. retrs.;
Dimensiones 31 cm
500 ## - NOTA GENERAL
Nota general Incluye: Diccionario Larousse de la pintura, bajo la dirección de Michel Laclotte y El grabado, redactado por Juan Carrete Parrondo
504 ## - NOTA DE BIBLIOGRAFÍA, ETC.
Bibliography, etc Índice bibliográfico de pintores al final de cada vol.
505 0# - NOTA DE CONTENIDO
Texto normalizado de contenido v. 2 Museo de Louvre ; Museo de Jeu de Paume ; Museo de Basilea ; Museo de Viena. -- v. 3 Galeríade los Uffizi ; Pinacoteca de Brera ; Academia de Venecia ; Galeria Borghese ; Galeria Nacional de Capodi Monti
505 0# - NOTA DE CONTENIDO
Texto normalizado de contenido v. 4 Reales Museos de Bruselas ; Museo Real de Amberes ; Rijkmuseum de Amsterdam ; Museo Bizantino de Atenas ; Museo Nacional de Tokio. -- v. 5 Alte pinakothek de Munich ; Galería Dahlem de Berlín ; Galeria de Pinturas de Dresde ; Galería Nacional de Praga ; Museo Nacional de Bellas Artes
506 ## - NOTA DE RESTRICCIONES DE ACCESO
Términos que rigen el acceso
590 ## - NOTA LOCAL
Enlace Inventariado, 2022/VM
650 #4 - ENCABEZAMIENTO DE MATERIA--TEMÁTICO
Término temático o nombre geográfico como elemento de entrada Pintura
Subdivisión de forma Enciclopedias
700 1# - ASIENTO SECUNDARIO -- NOMBRE PERSONAL
Nombre personal Monreal, Luis
910 ## - VALIDACIÓN
Validación VMateo V.
942 ## - ADDED ENTRY ELEMENTS (KOHA)
Source of classification or shelving scheme Dewey Decimal Classification
Koha item type Libros
Existencias
Withdrawn status Lost status Source of classification or shelving scheme Damaged status Not for loan Collection code Home library Current library Date acquired Total Checkouts Full call number Barcode Date last seen Copy number Price effective from Koha item type
    Dewey Decimal Classification     Colección de Referencia General Biblioteca Pública Metropolitana Salomé Ureña Biblioteca Pública Metropolitana Salomé Ureña 05/24/2022   BPMSU CGR R-759 M752p 1976 BPMSU22050055 05/24/2022 v.2 05/24/2022 Libros
    Dewey Decimal Classification     Colección de Referencia General Biblioteca Pública Metropolitana Salomé Ureña Biblioteca Pública Metropolitana Salomé Ureña 05/24/2022   BPMSU CGR R-759 M752p 1977 BPMSU22050056 05/24/2022 v.3 05/24/2022 Libros
    Dewey Decimal Classification     Colección de Referencia General Biblioteca Pública Metropolitana Salomé Ureña Biblioteca Pública Metropolitana Salomé Ureña 05/24/2022   BPMSU CGR R-759 M752p 1977 BPMSU22050057 05/24/2022 v.4 05/24/2022 Libros
    Dewey Decimal Classification     Colección de Referencia General Biblioteca Pública Metropolitana Salomé Ureña Biblioteca Pública Metropolitana Salomé Ureña 05/24/2022   BPMSU CGR R-759 M752p 1978 BPMSU22050058 05/24/2022 v.5 05/24/2022 Libros